Levantamiento de necesidades de información del sistema de facturación telefónica y analisis estructurado . Agencias telefónicas. (Direccion de operaciones area comercial -ICE)

Uloženo v:
Podrobná bibliografie
Hlavní autor: Ureña M , Elizabeth
Další autoři: Quesada G, Maximiliano
Médium: Kniha
Vydáno: [San José , Costa Rica] 1986
Témata:
Tagy: Přidat tag
Žádné tagy, Buďte první, kdo vytvoří štítek k tomuto záznamu!

MARC

LEADER 00000nam a2200000Ia 4500
003 007197
005 20221231144310.0
008 140114s1986 cr a m 000 ||s d
040 |c cru CEDI 
090 |a TFG 2942 
100 |a Ureña M , Elizabeth   |9 11778 
245 |a Levantamiento de necesidades de información del sistema de facturación telefónica y analisis estructurado . Agencias telefónicas. (Direccion de operaciones area comercial -ICE) 
260 |c 1986  |a [San José , Costa Rica] 
300 |a 147 Hojas : ilustraciones  
500 |a Investigación Dirigida (licenciatura en ingeniería industrial)--Universidad de Costa Rica. Facultad de Ingeniería. Escuela de Ingeniería Industrial 
650 |x INSTITUTO COSTARRICENSE DE ELECTRICIDAD  |9 11780 
700 |9 11779  |a Quesada G, Maximiliano  
942 |c TFG 
999 |c 19792  |d 19792